Fictional Places - Statistics

General Stats
  • This quiz has been taken 39 times
  • The average score is 7 of 12
Answer Stats
Hint Place % Correct
School of witchcraft and wizardry Hogwarts
97%
Supermans' home planet Krypton
91%
Where Batman lives Gotham City
88%
Lion, witch and the wardrobe Narnia
85%
Luke Skywalkers' home planet Tatooine
79%
Where Black Panther is from Wakanda
74%
Where Norse gods live Asgard
59%
Where Catniss Everdeen is from Panem
50%
Ice planet from Star Wars Hoth
44%
City launched into the air by Ultron Sokovia
35%
where Orisa from Overwatch was built Numbani
3%
Underwater city Atlanis
0%
No matching quizzes found
Score Distribution
Percent of People with Each Score
Percentile by Number Answered
Your Score History
You have not taken this quiz